Captura de biobeneficios económicos y sostenibilidad de áreas protegidas en Costa Rica /
Guardat en:
| Autor principal: | |
|---|---|
| Format: | Text |
| Matèries: | |
| Etiquetes: |
Afegir etiqueta
Sense etiquetes, Sigues el primer a etiquetar aquest registre!
|
MARC
| LEADER | 00000 a a2200000 04500 | ||
|---|---|---|---|
| 001 | 3020 | ||
| 003 | |||
| 040 | |||
| 100 | |a Adamson B., Marcos | ||
| 245 | |a Captura de biobeneficios económicos y sostenibilidad de áreas protegidas en Costa Rica / |c Marcos Adamson B. | ||
| 650 | |a ZONAS PROTEGIDAS | ||
| 650 | |a TURISMO | ||
| 650 | |a INGRESO | ||
| 650 | |a ANALISIS COSTO BENEFICIO | ||
| 650 | |a POLITICA AMBIENTAL | ||
| 650 | |a COSTA RICA | ||
| 773 | |g volumen 23, número 1 -2; páginas 5-40 | ||
| 999 | |c 32054 |d 32054 | ||
